000 01017nam a22003257a 4500
001 BR2014008137
003 BR-BrBNA
005 20230928104559.0
007 ta
008 230509b bl.||||| |||| 00| 0 por d
020 _a978-85-60020-06-5
040 _aBR-BrBNA
_bpor
_cBiblioteca Nacional de Agricultura
041 _a(Por)
072 _aK10
090 _ K10 BR2014008137
100 1 _aMartinez, D.T.
100 1 _aHiga, A.R.
100 1 _aLingnau, C.
100 1 _aSilva, I.C.
245 1 _aEscolha de espécies, planejamento e sistemas de produção para reflorestamento em pequenas propriedades no estado do Paraná
_bSistema de Informações para planejamento florestal
260 3 _aCuritiba, PR (Brasil):
_bFupef,
_c2012.
300 _a295 p.
500 _aBibliography p.269-289; 65 illus., 6 tables
650 _aARVORE FLORESTAL
650 _aREFLORESTAMENTO
650 _aSILVICULTURA
650 _aPLANEJAMENTO FLORESTAL
909 _a202309
_bLucia
_c55
_dLucia Elande
942 _cBK
999 _c80676
_d80676